=LDR 00000nam 2200000 4500 =001 INLIS000000001054271 =005 20251216020611 =035 ##$$a 0010-1225000042 =007 ta =008 251216################g##########0#ind## =020 ##$$a 9786239442439 =082 ##$$a 899.221 1 =084 ##$$a 899.221 1 MYA p =100 #$$a Mya Arin =245 1#$$a Pesan tuan dari ternate /$c Mya Arin =250 ##$$a edisi kedua =260 ##$$a Madiun :$b Tinta Merah Indonesia,$c 2020 =300 ##$$a ix, 67 halaman ; $c 15 x 21 cm. =600 #4$$a Puisi Indonesia =990 ##$$a 11571157 =990 ##$$a 11571157 =990 ##$$a 11571157 =990 ##$$a 11571157